[Event "HCL-M841"]
[Site "www.playchess.de"]
[Date "2006.02.20"]
[Round "19"]
[White "Hawk2008"]
[Black "mige"]
[WhiteElo "1939"]
[BlackElo "1789"]
[PlyCount "58"]
[Result "0-1"]

1.e4 e5 2.Nf3 Nc6 3.Bb5 a6 4.Ba4 Nf6 5.O-O Be7 
6.Re1 b5 7.Bb3 d6 8.c3 Na5 9.Bc2 c5 10.h3 Qc7 
11.d4 O-O 12.Nbd2 cxd4 13.cxd4 Bd7 14.Nf1 h6 15.b3 
Rfc8 16.Ne3 Nc6 17.Bb2 exd4 18.Nxd4 Nxd4 19.Bxd4 
Qb7 20.Nd5 Nxd5 21.exd5 Bf8 22.Qd3 g6 23.Bb2 Qb6 
24.Re3 Bf5 25.Re4 Bxe4 26.Qxe4 Bg7 27.Bxg7 Kxg7 
28.Re1 Rce8 29.Qb4 Qc5 0-1

[Event "HCL-B3826"]
[Site "www.playchess.de"]
[Date "2006.02.21"]
[Round "3"]
[White "torbalan"]
[Black "vulcan"]
[WhiteElo "1294"]
[BlackElo "1170"]
[PlyCount "81"]
[Result "1-0"]

1.e4 e6 2.Nf3 d5 3.e5 c5 4.d4 Nc6 5.Bb5 a6 6.Be2 
cxd4 7.Nxd4 Nxe5 8.O-O Nf6 9.Bg5 Be7 10.Nd2 O-O 
11.N2f3 Nxf3+ 12.Bxf3 b5 13.Nc6 Qc7 14.Nxe7+ Qxe7 
15.Re1 Bb7 16.Qd4 h6 17.Bh4 g5 18.Bg3 Rac8 19.c3 
Rc4 20.Qd3 Rd8 21.b3 Rcc8 22.Re2 Nd7 23.Rc1 b4 
24.Rec2 bxc3 25.R2xc3 Rxc3 26.Rxc3 Qf6 27.Rc7 Ba8 
28.h3 Ne5 29.Bxe5 Qg6 30.Qxa6 d4 31.Bxa8 d3 32.Bf3 
d2 33.Bd6 Qb1+ 34.Kh2 d1Q 35.Bxd1 Qxd1 36.Be7 Rd5 
37.Bf6 Rd6 38.Qa8+ Kh7 39.Qh8+ Kg6 40.g4 Qxg4 
41.hxg4 1-0

[Event "HCL-B3746"]
[Site "www.playchess.de"]
[Date "2006.02.21"]
[Round "6"]
[White "eisbaer17"]
[Black "SHOOTER"]
[WhiteElo "1204"]
[BlackElo "1280"]
[PlyCount "61"]
[Result "1-0"]

1.c4 e5 {Good luck.}  2.Nc3 Nc6 3.Nf3 d6 4.g3 Be6 
5.d3 h6 6.Bg2 Nf6 7.O-O d5 8.cxd5 Nxd5 9.Qa4 Nb6 
10.Qc2 a6 11.Ne4 Nb4 {Happy Holidays!}  12.Qc3 
{you too}  N6d5 13.Qxe5 Nc6 14.Qh5 Qd7 15.Ne5 Nxe5 
16.Qxe5 f6 17.Qd4 f5 18.Nc3 Nxc3 19.Qxd7+ Bxd7 
20.bxc3 g5 21.Bxb7 Ra7 22.Rb1 Ba4 23.Be3 c5 24.d4 
Bb5 25.c4 Bxc4 26.dxc5 Bxe2 27.Rfe1 Bf3 28.Bxf3 
Kd8 29.c6 Rf7 30.Rb8+ Kc7 31.Rb7+ 1-0

[Event "HCL-A2600"]
[Site "www.playchess.de"]
[Date "2006.02.21"]
[Round "10"]
[White "maus"]
[Black "victorabiodun03"]
[WhiteElo "1389"]
[BlackElo "1440"]
[PlyCount "88"]
[Result "0-1"]

1.e4 e6 2.e5 d5 3.d4 c5 4.c3 Qb6 5.Nf3 Nc6 6.Be3 
Qxb2 7.Nbd2 Qxc3 8.Rc1 Qa5 9.a4 c4 10.Qc2 Nge7 
11.Be2 Nf5 12.O-O Nxe3 13.fxe3 Be7 14.Qa2 b5 
15.Bd1 b4 16.Qc2 Ba6 17.Re1 O-O 18.e4 Rac8 19.exd5 
Qxd5 20.Nxc4 Nxd4 21.Nxd4 Qxd4+ 22.Kh1 Rxc4 23.Qb1 
Qf2 24.Bc2 h6 25.Bh7+ Kh8 26.Rc2 Rxc2 27.Bxc2 Rc8 
28.Be4 Rc3 29.Rd1 Bg5 30.Qxb4 Qc5 31.Qb8+ Qc8 
32.Qxa7 Rc1 33.Qd4 Rxd1+ 34.Qxd1 Qc1 35.Qg1 Qxg1+ 
36.Kxg1 Bf4 37.h3 Bxe5 38.Kf2 Kg8 39.Ke3 Kf8 
40.Bc6 Ke7 41.Ke4 Kd6 42.Be8 f5+ 43.Ke3 Bg3 44.Bh5 
e5 0-1

[Event "HCL-B3843"]
[Site "www.playchess.de"]
[Date "2006.02.21"]
[Round "10"]
[White "sonnygarcia"]
[Black "bob19"]
[WhiteElo "1024"]
[BlackElo "1444"]
[PlyCount "82"]
[Result "0-1"]

1.e4 e5 2.Nf3 Nc6 3.Bb5 a6 4.Ba4 Nf6 5.O-O b5 
6.Bb3 h6 7.Re1 Bc5 8.h3 d6 9.d3 O-O 10.Be3 Nd4 
11.Nxd4 exd4 12.Bd2 a5 13.a3 Qe7 14.c3 a4 15.Ba2 
Qe5 16.Kh1 c6 17.cxd4 Bxd4 18.Bc3 Be6 19.Bxd4 Qxd4 
20.Nc3 Qxf2 21.Bxe6 fxe6 22.Re2 Qd4 23.Re1 Nd7 
24.Qc2 Ne5 25.Rad1 Rf2 26.Qc1 Raf8 27.Ne2 Qb6 
28.d4 Nc4 29.Ng3 Kh7 30.e5 d5 31.Kh2 Rxb2 32.Rd3 
Rff2 33.Rg1 Rbd2 34.Rxd2 Nxd2 35.Rd1 Qxd4 36.Nf1 
Qf4+ 37.Kg1 Rxf1+ 38.Rxf1 Qxf1+ 39.Qxf1 Nxf1 
40.Kxf1 b4 41.axb4 a3 0-1

[Event "HCL-C4165"]
[Site "www.playchess.de"]
[Date "2006.02.21"]
[Round "19"]
[White "Tribun"]
[Black "IRONMAIDEN"]
[WhiteElo "754"]
[BlackElo "1232"]
[PlyCount "66"]
[Result "0-1"]

1.e4 e5 2.d3 Nc6 3.Be3 Nf6 4.Be2 Be7 5.Nf3 O-O 
6.O-O d6 7.Nc3 a6 8.a4 Bd7 9.Bg5 h6 10.Bh4 Nd4 
11.Nxd4 exd4 12.Nd5 Nxd5 13.exd5 Bxh4 14.g3 Bf6 
15.Qd2 c6 16.b3 cxd5 17.Qf4 Qc7 18.Rac1 Rae8 
19.Bh5 Bg5 20.Qxd4 Bxc1 21.Rxc1 Re5 22.Bf3 Rfe8 
23.Qf4 R5e1+ 24.Kg2 Rxc1 25.Qxc1 Qc3 26.Bxd5 Qc5 
27.Bc4 Qh5 28.h4 Qg4 29.Qf4 Qh3+ 30.Kf3 Bc6+ 
31.Qe4 Bxe4+ 32.dxe4 Qh1+ 33.Kf4 
Qxe4+ 0-1

[Event "HCL-B3817"]
[Site "www.playchess.de"]
[Date "2006.02.21"]
[Round "1"]
[White "ArthurDent"]
[Black "pegasus"]
[WhiteElo "980"]
[BlackElo "1155"]
[PlyCount "60"]
[Result "0-1"]

1.e4 {Hello!}  e5 {hello  and happy new year}  
2.Nf3 {The same, where are you from? (I'm in 
Texas)}  d6 {wakefield in the county of yorkshire 
in the north of england}  3.Nc3 {How do you like 
it there?}  Nf6 {love it..do you like america?}  
4.d4 {Yeah, although I can only compare it to 
Paraguay, 3rd world south america, so I'd also say 
I love a good kick to the head over that.}  Be7 
{where in the states do you live}  5.Bc4 {Just 
north of Dallas, Texas (Plano), but I'm from 
Denver, Colorado.  Have you ever been over here?}  
O-O {no i havn`t but i would like to have a long 
holiday over there}  6.dxe5 {Same here... I've not 
been to England, but would love to visit.}  dxe5 
7.Nxe5 Qxd1+ 8.Kxd1 a5 9.Be3 c6 10.Re1 b5 11.Bxf7+ 
Rxf7 12.Nxf7 Kxf7 13.Ke2 Ba6 14.Kf1 b4+ 15.Kg1 
bxc3 16.bxc3 Nxe4 17.Bd4 Nd2 18.g4 Nf3+ 19.Kh1 
Nxe1 20.Rxe1 Bb7 21.Kg1 Nd7 22.Re3 c5 23.Bxg7 Rg8 
24.Rd3 Nb6 25.Be5 Rxg4+ 26.Kf1 Nc4 27.Rf3+ Bxf3 
28.a4 Bg5 29.Bc7 Nd2+ 30.Ke1 Rg1+ 0-1

[Event "ACL-M080"]
[Site "www.playchess.de"]
[Date "2006.02.21"]
[Round "4"]
[White "el_Tiburon"]
[Black "michail"]
[WhiteElo "1864"]
[BlackElo "1925"]
[PlyCount "98"]
[Result "0-1"]

1.d4 Nf6 2.c4 e6 3.Nc3 Bb4 4.Nf3 b6 5.Bg5 Bb7 6.e3 
h6 7.Bh4 Bxc3+ 8.bxc3 d6 9.Nd2 Nbd7 10.f3 Qe7 
11.Bd3 e5 12.e4 O-O 13.O-O Rfe8 14.Bc2 Nf8 15.Ba4 
Red8 16.a3 Ng6 17.Bf2 Nf4 18.Be3 N6h5 19.g3 Nh3+ 
20.Kg2 Ng5 21.Qe2 c5 22.Kh1 Qe6 23.d5 Qh3 24.Qg2 
Bc8 25.Rfe1 Qxg2+ 26.Kxg2 Bd7 27.Bxd7 Rxd7 28.g4 
Nf6 29.h4 Ngh7 30.a4 Nf8 31.g5 hxg5 {Buon natale}  
32.hxg5 {Anche a te!}  Nh5 33.Reh1 g6 34.Rh4 Rb7 
35.Kf2 Nd7 36.Nf1 Rab8 37.Ng3 Nxg3 38.Kxg3 Kf8 
39.f4 exf4+ 40.Bxf4 Ke7 41.Re1 a6 42.e5 dxe5 
43.Bxe5 Nxe5 44.Rxe5+ Kd6 45.Re3 b5 46.Rf4 Re7 
47.Rf6+ Kd7 48.Rxe7+ Kxe7 49.cxb5 
axb5 0-1

[Event "HCL-E1522"]
[Site "www.playchess.de"]
[Date "2006.02.21"]
[Round "4"]
[White "vhpower"]
[Black "Matu"]
[WhiteElo "1607"]
[BlackElo "1530"]
[PlyCount "90"]
[Result "0-1"]

1.e4 {Hi, und viel erfolg}  c6 {danke gleichfalls} 
 2.Nf3 d5 3.exd5 cxd5 4.d4 Nf6 5.Be3 Nc6 6.Bb5 a6 
7.Ba4 Bd7 8.c3 e6 9.Nbd2 Bd6 10.O-O O-O 11.Bc2 g6 
12.Bg5 Be7 13.h4 Re8 14.Nh2 Nh5 15.Bxe7 Qxe7 16.g4 
Ng7 17.h5 gxh5 18.gxh5 Qg5+ 19.Kh1 Kh8 20.Rg1 Qxh5 
21.Qxh5 Nxh5 22.Ndf3 f6 23.Ng4 Reg8 24.Nh6 Rxg1+ 
25.Rxg1 Rf8 26.Rg2 Nf4 27.Rh2 Kg7 28.Ng4 h5 29.Ne3 
e5 30.dxe5 Nxe5 31.Nd4 Nc4 32.b3 Nd6 33.Rh4 Ng6 
34.Rxh5 Ne4 35.Bxe4 dxe4 36.Nef5+ Bxf5 37.Nxf5+ 
Kg8 38.Nd6 Nf4 39.Rh4 Nd3 40.Kg2 f5 41.Nxb7 Nc1 
42.Nc5 Nxa2 43.Nxa6 Nxc3 44.Nc5 Nd5 45.Rh5 
Nf4+ 0-1

[Event "HCL-B3830"]
[Site "www.playchess.de"]
[Date "2006.02.21"]
[Round "2"]
[White "Iron_Flower"]
[Black "Bob-O"]
[WhiteElo "1255"]
[BlackElo "1216"]
[PlyCount "60"]
[Result "0-1"]

1.d4 {Hi, from Leeuwarden, the Netherlands}  d5 
{Hello from Los Angeles, U.S.A. Good Luck to 
you....}  2.c4 dxc4 3.Nc3 c6 4.a4 Qa5 5.Bd2 Qb6 
6.Qc2 Qxd4 7.e3 Qg4 8.Nf3 Na6 9.h3 Nb4 10.Qb1 Qh5 
11.Bxc4 Nf6 12.g4 Nxg4 13.Qe4 Bf5 14.Bxf7+ Qxf7 
15.Qxb4 e6 16.Qd4 c5 17.Qc4 Rd8 18.hxg4 Bd3 19.Qf4 
Qxf4 20.exf4 g6 21.O-O-O Bg7 22.Ne5 Ba6 23.Nxg6 
hxg6 24.Rxh8+ Bxh8 25.Ne4 Be2 26.Rh1 Bg7 27.Rh7 
Bd4 28.Rxb7 Bf3 29.Ng5 Bxb7 30.Nxe6 
Bxb2+ 0-1

[Event "HCL-B3847"]
[Site "www.playchess.de"]
[Date "2006.02.21"]
[Round "1"]
[White "xmen"]
[Black "WStanEvans"]
[WhiteElo "1463"]
[BlackElo "1410"]
[PlyCount "72"]
[Result "0-1"]

1.e4 e5 2.Nf3 Nc6 3.Bb5 a6 4.Ba4 Nf6 5.O-O Be7 
6.Re1 b5 7.Bb3 d6 8.Ng5 d5 9.Qf3 Nd4 10.Qd3 Nxb3 
11.Qxb3 O-O 12.exd5 Nxd5 13.Ne4 Be6 14.Qf3 Nf4 
15.d3 Ng6 16.Nbc3 f5 17.Ng3 c5 18.Nd1 Qd7 19.b3 
Bd6 20.Bb2 Rae8 21.a4 Bb8 22.Nc3 b4 23.Nce2 Bd5 
24.Qh5 e4 25.dxe4 fxe4 26.Rad1 Bxg3 27.Nxg3 Nf4 
28.Qg5 Rf7 29.Nh5 Nxh5 30.Qxh5 Rf5 31.Qg4 Qf7 
32.Qe2 Bb7 33.c4 bxc3 34.Bxc3 Rf8 35.Ref1 Qxb3 
36.Be1 Qxa4 0-1

[Event "HCL-M865"]
[Site "www.playchess.de"]
[Date "2006.02.21"]
[Round "6"]
[White "AMT"]
[Black "andrus"]
[WhiteElo "1891"]
[BlackElo "2009"]
[PlyCount "58"]
[Result "0-1"]

1.d4 {gg & gl}  Nf6 2.c4 {jerk}  c5 3.d5 e6 4.Nf3 
exd5 5.cxd5 d6 6.Nc3 g6 7.Bg5 h6 8.Bh4 Bg7 9.e3 
O-O 10.Nd2 b6 11.Bc4 a6 12.O-O b5 13.Bd3 Qc7 
14.Bg3 Nh5 15.Qf3 Nd7 16.a3 f5 17.Rac1 Bb7 18.Rfd1 
Bxc3 19.Rxc3 Ndf6 20.Rcc1 Nxd5 21.Qe2 Rae8 22.Nf1 
Qc6 23.Qf3 Qd7 24.Qe2 Nhf4 25.Bxf4 Nxf4 26.Qd2 
Nxg2 27.Be2 Rf6 28.Rxc5 f4 29.Rc3 
f3 0-1

[Event "HCL-A2606"]
[Site "www.playchess.de"]
[Date "2006.02.21"]
[Round "9"]
[White "Wernswig"]
[Black "RUDI"]
[WhiteElo "1362"]
[BlackElo "1234"]
[PlyCount "39"]
[Result "1-0"]

1.e4 {hallo, viel spaß}  e5 {danke, hallo, 
ebenfalls!}  2.f4 Nc6 3.Nf3 d6 4.Bc4 Bg4 5.O-O 
exf4 6.d4 g6 7.Bxf4 Qd7 8.c3 O-O-O 9.Nbd2 Bg7 
10.Qa4 Kb8 11.Bb5 d5 12.e5 Nge7 13.Nb3 Bxf3 
14.Rxf3 Rdf8 15.Nc5 Qe8 16.e6 fxe6 17.Nxe6 Rf7 
18.Nxc7 Qc8 19.Nxd5+ Ka8 20.Nb6+ 1-0

[Event "ACL-E214"]
[Site "www.playchess.de"]
[Date "2006.02.21"]
[Round "1"]
[White "Willy"]
[Black "sloba55"]
[WhiteElo "1859"]
[BlackElo "2078"]
[PlyCount "80"]
[Result "0-1"]

1.e4 {Hi from Budapest.Good luck.}  e6 {Hi from 
Recife, Reazil. Good game.}  2.d4 {Thanks.I was in 
Rio ten years ago.It was marvalleous.}  d5 3.Nc3 
Nf6 4.e5 Nfd7 5.Nf3 c5 6.dxc5 Nc6 7.Bf4 Be7 8.Bb5 
O-O 9.O-O Nxc5 10.Re1 Bd7 11.Rb1 Qb6 12.Bxc6 Bxc6 
13.Nd4 Bd7 14.Be3 Rfc8 {Merry Christmas}  15.Nb3 
{Thanks.Merry Xmas to you as well!}  Qc7 16.Nxc5 
Bxc5 17.Bxc5 {Happy New Year!}  Qxc5 18.Qh5 b5 
{All the best for you as well.}  19.Rbc1 b4 20.Ne2 
Bb5 21.Red1 g6 22.Qf3 Bxe2 23.Qxe2 Qa5 24.Rca1 Rc4 
25.b3 Re4 26.Qd2 Qc7 27.f4 Rc8 28.g3 Qb6+ 29.Kh1 
Qa6 30.Rde1 Rxe1+ 31.Rxe1 Qxa2 32.Re2 Rc3 33.f5 
exf5 34.Qxd5 Qa6 35.Rf2 Qc6 36.Qxc6 Rxc6 37.Rd2 
Kf8 38.Kg2 Rc3 39.Kf2 Ke7 40.Ke2 
Rc5 0-1

[Event "HCL-A2596"]
[Site "www.playchess.de"]
[Date "2006.02.21"]
[Round "6"]
[White "Chas"]
[Black "Josef1901"]
[WhiteElo "1490"]
[BlackElo "1584"]
[PlyCount "106"]
[Result "0-1"]

1.e4 c5 2.Nf3 d6 3.d3 Nc6 4.g3 e5 5.Bg2 Nf6 6.O-O 
Be7 7.h3 Bd7 8.Re1 Qc8 9.Kh2 O-O 10.c3 a6 11.d4 
cxd4 12.cxd4 exd4 13.Nxd4 Nxd4 14.Qxd4 Bc6 15.Nc3 
Qd7 16.a4 Rad8 17.Nd5 Bxd5 18.exd5 Ne8 19.Qe4 Bf6 
20.Ra2 Nc7 21.Qd3 Rfe8 22.Be3 Rda8 23.b3 b5 24.a5 
b4 25.Rae2 Nb5 26.Bb6 Bc3 27.Be4 Bxe1 28.Rxe1 {Oh 
dear! afternoon naps??}  h6 {thx :-)}  29.Re3 Nc3 
30.Bf5 Rxe3 31.fxe3 Qb5 32.Qxb5 Nxb5 33.Bd3 Kf8 
34.Kg2 Ke7 35.Kf3 g6 36.h4 Kd7 37.g4 Rc8 38.Ke4 
Rc3 39.Bc4 Rc1 40.h5 gxh5 41.gxh5 Rh1 42.Be2 Nc3+ 
43.Kd3 Nxe2 44.Kxe2 Rxh5 45.e4 Rh3 46.Be3 h5 
47.Kd3 h4 48.Kd4 Rh1 49.Kc4 Re1 50.Kd4 h3 51.Bf4 
Re2 52.Kd3 Rg2 53.Kc4 h2 0-1

[Event "HCL-E1575"]
[Site "www.playchess.de"]
[Date "2006.02.21"]
[Round "2"]
[White "redstar"]
[Black "freno"]
[WhiteElo "1725"]
[BlackElo "1586"]
[PlyCount "61"]
[Result "1-0"]

1.e4 c6 {Hello from Paris}  2.d4 {Hello from 
Transimphonia}  d5 3.Nc3 dxe4 4.Nxe4 Bf5 5.Ng3 Bg6 
6.h4 h6 7.Nf3 Nd7 8.h5 Bh7 9.Bd3 Bxd3 10.Qxd3 Ngf6 
11.Bd2 e6 12.O-O-O Bd6 13.Ne4 Nxe4 14.Qxe4 Nf6 
15.Qh4 Nd5 16.Ne5 Bxe5 17.dxe5 Qxh4 18.Rxh4 O-O-O 
19.Ba5 Rd7 20.Rg4 Rg8 21.c4 Nb6 22.Rxd7 Nxd7 
23.Bc3 g5 24.f4 Kd8 25.fxg5 hxg5 26.Bd2 Nxe5 
27.Rxg5 Rxg5 28.Bxg5+ Ke8 29.h6 Kf8 30.h7 Ng6 
31.Bf6 1-0

[Event "HCL-A2579"]
[Site "www.playchess.de"]
[Date "2006.02.21"]
[Round "5"]
[White "peta"]
[Black "leyima"]
[WhiteElo "1403"]
[BlackElo "1317"]
[PlyCount "33"]
[Result "1-0"]

1.e4 d5 2.exd5 Qxd5 3.Nc3 Qd8 4.Nf3 Bg4 5.Be2 e6 
6.d3 Bb4 7.Bd2 Nf6 8.O-O Nc6 9.a3 Bxc3 10.Bxc3 O-O 
11.Re1 Nd5 12.Bb4 Ndxb4 13.axb4 Nxb4 14.Ra4 c5 
15.c3 Bxf3 16.cxb4 Bxe2 17.Qxe2 1-0

[Event "HCL-B3903"]
[Site "www.playchess.de"]
[Date "2006.02.21"]
[Round "2"]
[White "Nutz"]
[Black "nico21"]
[WhiteElo "1123"]
[BlackElo "1555"]
[PlyCount "58"]
[Result "1-0"]

1.e4 {Hi}  e5 {Hello}  2.Nf3 Nc6 3.d4 exd4 4.Nxd4 
Nf6 5.Nxc6 bxc6 6.e5 Nd5 7.Bc4 Bb7 8.O-O Be7 9.Nc3 
Nxc3 10.bxc3 O-O 11.Rb1 Rb8 12.Qg4 g6 13.Bh6 d5 
14.Bxf8 Bxf8 15.Bd3 Bg7 16.Qf4 c5 17.c4 d4 18.Be4 
Bxe4 19.Rxb8 Qxb8 20.Qxe4 Qe8 21.Qd5 Bxe5 22.Re1 
Bxh2+ 23.Kxh2 Qxe1 24.Qd8+ Kg7 25.Qxc7 Qxf2 
26.Qxc5 Qxc2 27.Qxd4+ Kh6 28.a3 a5 29.c5 
Qb2 1-0

[Event "HCL-E1523"]
[Site "www.playchess.de"]
[Date "2006.02.21"]
[Round "4"]
[White "raquca"]
[Black "redstar"]
[WhiteElo "1864"]
[BlackElo "2000"]
[PlyCount "97"]
[Result "1-0"]

1.e4 c5 2.Nf3 e6 3.d4 cxd4 4.Nxd4 d6 5.Nc3 Nf6 
6.Be2 Be7 7.O-O Nc6 8.Be3 O-O 9.f4 a6 10.Kh1 Qc7 
11.Qe1 Bd7 12.Qg3 b5 13.a3 Na5 14.Rad1 Nc4 15.Bc1 
Bc6 16.Nxc6 Qxc6 17.Bd3 Nxa3 18.e5 Nh5 19.Qh3 g6 
20.Ne4 Nc4 21.b3 d5 22.Ng3 Nxg3+ 23.Qxg3 Nb6 24.f5 
exf5 25.Rxf5 d4 26.Rh5 Rfd8 27.Qh3 gxh5 28.Qxh5 
Kf8 29.Qxh7 Ke8 30.Bf5 Qc5 31.e6 fxe6 32.Bxe6 Rd6 
33.Qg8+ Bf8 34.Qf7+ Kd8 35.Qxf8+ Kc7 36.Qe7+ Kc6 
37.Bf4 Rad8 38.Bxd6 Rxd6 39.Bg4 Qxc2 40.Bf3+ Nd5 
41.Qe1 Kb6 42.Rc1 Qf5 43.Qe8 Qd7 44.Qb8+ Ka5 
45.Qh8 Ne3 46.Qe5 Nc2 47.Rxc2 Re6 48.b4+ Kxb4 
49.Qc5+ 1-0

[Event "HCL-B3897"]
[Site "www.playchess.de"]
[Date "2006.02.21"]
[Round "6"]
[White "Ulpe"]
[Black "mattyboi"]
[WhiteElo "1619"]
[BlackElo "949"]
[PlyCount "33"]
[Result "1-0"]

1.e4 e5 2.Nf3 Qe7 3.Bc4 Qc5 4.d3 b5 5.Bb3 d6 6.Be3 
Qc6 7.Bd5 Qa6 8.Bxa8 Qa5+ 9.Qd2 b4 10.O-O Nf6 
11.c3 bxc3 12.Nxc3 d5 13.Nxd5 Qb5 14.Nxc7+ Kd8 
15.Nxb5 Bg4 16.Qa5+ Kc8 17.Qc7+ 1-0

[Event "HCL-E1536"]
[Site "www.playchess.de"]
[Date "2006.02.21"]
[Round "14"]
[White "BlitzShinigami"]
[Black "ippuli"]
[WhiteElo "2100"]
[BlackElo "1614"]
[PlyCount "28"]
[Result "0-1"]

1.d4 Nf6 {Hi! Happy new year! Good luck...}  2.Nc3 
{thx}  d5 3.Bf4 a6 4.Nf3 Bf5 5.g3 e6 6.Bg2 Nc6 
7.O-O Nb4 8.a3 Nxc2 9.Rc1 Be7 10.Rxc2 Bxc2 11.Qxc2 
Nh5 12.Bd2 O-O 13.e4 dxe4 14.Nxe4 
f5 0-1

[Event "HCL-E1553"]
[Site "www.playchess.de"]
[Date "2006.02.21"]
[Round "3"]
[White "aadje"]
[Black "badplayer"]
[WhiteElo "1850"]
[BlackElo "1591"]
[PlyCount "61"]
[Result "1-0"]

1.d4 {best of luck}  d5 {Best of luck to you also} 
 2.c4 Nf6 3.cxd5 Nxd5 4.Nf3 e6 5.e4 Nb6 6.Bd3 Be7 
7.O-O a6 8.Nc3 N8d7 9.a4 Nf6 10.Qc2 Bd7 11.a5 Nc8 
12.d5 h6 13.dxe6 Bxe6 14.Rd1 Nd7 15.e5 c5 16.Bf5 
Qc7 17.Bxe6 fxe6 18.Be3 Nxe5 19.Qa4+ Nc6 20.Qg4 
Kf7 21.Bf4 Bd6 22.Bxd6 Nxd6 23.Qf4+ Ke7 24.Ne4 
Rad8 25.Nh4 Nd4 26.Ng6+ Ke8 27.Rxd4 cxd4 28.Nxh8 
Rd7 29.Rc1 Qxc1+ 30.Qxc1 Nxe4 31.Qc8+ 1-0

[Event "HCL-E1582"]
[Site "www.playchess.de"]
[Date "2006.02.21"]
[Round "19"]
[White "ippuli"]
[Black "yannick"]
[WhiteElo "1608"]
[BlackElo "1554"]
[PlyCount "27"]
[Result "1-0"]

1.e4 {Hi again!! Good luck to me... :)}  d6 {hi 
good tournament}  2.d4 Nf6 3.Bc4 Nxe4 4.Bxf7+ Kxf7 
{you like this move}  5.Qh5+ {You, too...}  Ke6 
{no}  6.d5+ Kf6 7.b3 Bf5 8.g4 Bg6 9.g5+ Ke5 10.Qf3 
{Oops, you can take g5, but I've already made the 
move!! ;-)}  Kd4 {let's go so}  11.Qd3+ Kc5 
12.Be3+ {Mate in 2! Thank you...}  Kb4 13.Qc4+ Ka5 
14.Qa4+ 1-0

[Event "HCL-B3820"]
[Site "www.playchess.de"]
[Date "2006.02.21"]
[Round "13"]
[White "GMO"]
[Black "Saladin"]
[WhiteElo "1337"]
[BlackElo "1379"]
[PlyCount "99"]
[Result "1-0"]

1.e4 e6 2.e5 d5 3.d4 h6 4.Nf3 b6 5.Be2 Bb7 6.O-O 
g6 7.Nc3 Bb4 8.Bd2 Nc6 9.Bb5 a6 10.Ba4 b5 11.Bb3 
Nge7 12.a3 Bxc3 13.Bxc3 Nf5 14.Qd2 Ng7 15.Ba2 f5 
16.exf6 Qxf6 17.Rfe1 O-O-O 18.h3 Rd7 19.Ne5 Nxe5 
20.Rxe5 Nf5 21.Rae1 Re8 22.Qe2 Ng7 23.Bd2 Nf5 
24.Rxe6 Rxe6 25.Qxe6 Qxe6 26.Rxe6 Rd6 27.Rxd6 cxd6 
28.c3 g5 29.Kh2 Kd7 30.f4 gxf4 31.Bxf4 h5 32.Bb1 
Ne7 33.Bc2 Kc6 34.Bd1 Ng6 35.Bg5 Bc8 36.Bxh5 Bf5 
37.g4 Bc2 38.Bxg6 Bxg6 39.Kg3 Kb6 40.Bf4 Kc7 
41.Kh4 Kd7 42.Kg5 Bd3 43.h4 Ke7 44.h5 Kf7 45.Bxd6 
a5 46.Kf4 Ke6 47.Bc7 a4 48.Kg5 Kf7 49.h6 Kg8 
50.Kf6 1-0

[Event "HCL-B3650"]
[Site "www.playchess.de"]
[Date "2006.02.21"]
[Round "20"]
[White "Pineywoods"]
[Black "Genesio"]
[WhiteElo "1226"]
[BlackElo "1071"]
[PlyCount "87"]
[Result "1-0"]

1.Nf3 Nf6 {Welcome!}  2.c4 {Thanks!}  c5 3.Nc3 Nc6 
4.g3 g6 5.Bg2 Bg7 6.O-O O-O 7.e4 d6 8.b3 e5 9.Bb2 
a6 10.h3 Nb4 11.a3 Nd3 12.Rb1 Nxb2 13.Rxb2 Bd7 
14.d3 b5 15.cxb5 axb5 16.Ra2 b4 17.Nb1 Qc7 18.Nfd2 
bxa3 19.Rxa3 Rxa3 20.Nxa3 Qa5 21.Nac4 Qa2 22.Nxd6 
Ra8 23.N2c4 Ne8 24.Qb1 Qxb1 25.Rxb1 Nxd6 26.Nxd6 
Bf8 27.Nc4 Bb5 28.Nxe5 Bg7 29.Nc4 Bd4 30.b4 Bxc4 
31.dxc4 Re8 32.b5 Kg7 33.b6 Rb8 34.b7 Kf6 35.Kf1 
Ke7 36.Ke2 Kd7 37.f4 Kc7 38.e5 Kd7 39.Bd5 Ke7 
40.Rb6 Bc3 41.Ra6 f5 42.Ra8 Rxb7 43.Bxb7 Kd7 
44.Bd5 1-0

[Event "HCL-A2596"]
[Site "www.playchess.de"]
[Date "2006.02.21"]
[Round "1"]
[White "dynamike"]
[Black "zulu"]
[WhiteElo "1442"]
[BlackElo "1415"]
[PlyCount "20"]
[Result "0-1"]

1.d4 d5 2.c4 Nf6 3.Nc3 c6 4.Bf4 dxc4 5.e4 b5 6.a4 
b4 7.e5 bxc3 8.exf6 cxb2 9.Rb1 Qa5+ 10.Bd2 
c3 0-1

[Event "HCL-B3732"]
[Site "www.playchess.de"]
[Date "2006.02.21"]
[Round "8"]
[White "romel"]
[Black "cocohubert"]
[WhiteElo "1200"]
[BlackElo "1365"]
[PlyCount "80"]
[Result "0-1"]

1.e4 c6 2.Nf3 d5 3.d4 dxe4 4.Ng5 Qd5 5.Nc3 Qf5 
6.Bc4 e6 7.O-O h6 8.Ngxe4 Nd7 9.Ng3 Qa5 10.Bd2 Qb6 
11.Bc1 Bb4 12.Rb1 Bxc3 13.Ne2 Bb4 14.c3 Bf8 15.Be3 
Qc7 16.Re1 Ngf6 17.b4 Nb6 18.Bb3 Nbd5 19.Bxd5 Nxd5 
20.a3 Bd6 21.g3 b6 22.c4 Nxe3 23.fxe3 O-O 24.e4 
Bb7 25.e5 Be7 26.Nf4 Bg5 27.Nh5 c5 28.bxc5 bxc5 
29.d5 exd5 30.cxd5 Rad8 31.Nf4 Bxf4 32.gxf4 Rxd5 
33.Qg4 Qc6 34.Kf2 Rd2+ 35.Ke3 Rxh2 36.f5 Bc8 
37.Reg1 g5 38.Rg3 Kh7 39.Qe4 Re2+ {dead}  40.Kd3 
Qxe4+ 0-1

[Event "HCL-A2535"]
[Site "www.playchess.de"]
[Date "2006.02.21"]
[Round "8"]
[White "Chris"]
[Black "jsaemi"]
[WhiteElo "1615"]
[BlackElo "1511"]
[PlyCount "51"]
[Result "1/2-1/2"]

1.d4 d5 2.Bf4 Nc6 3.e3 Nf6 4.Nd2 Bf5 5.c3 h6 
6.Ngf3 e6 7.Be2 Be7 8.h3 a6 9.O-O O-O 10.Ne5 Nxe5 
11.Bxe5 Nd7 12.Bg3 Bd6 13.Bxd6 cxd6 14.f4 f6 
15.Nf3 Re8 16.Bd3 Bh7 17.Bxh7+ Kxh7 18.Qd3+ Kg8 
19.Rae1 e5 20.Qg6 e4 21.Nh4 Nf8 22.Qg3 Qd7 23.f5 
Rad8 24.Rf4 Nh7 25.Ng6 Qf7 26.a3 {(offering draw)} 
 1/2-1/2

[Event "HCL-B3903"]
[Site "www.playchess.de"]
[Date "2006.02.21"]
[Round "1"]
[White "nico21"]
[Black "Saladin"]
[WhiteElo "1555"]
[BlackElo "1371"]
[PlyCount "39"]
[Result "1-0"]

1.e4 e6 2.d4 d5 3.Nc3 Bb4 4.Bd3 Bxc3+ 5.bxc3 c6 
6.Nf3 Qa5 7.Bd2 Qd8 8.exd5 exd5 9.O-O Bg4 10.h3 
Be6 11.Rb1 Qe7 12.Re1 Nh6 13.Ng5 Kd8 14.Nxe6+ fxe6 
15.Bxh6 gxh6 16.Bf5 Qa3 17.Rxe6 Qxc3 18.Rxb7 Qa3 
19.Rxh6 Qxa2 20.Rd6+ 1-0

[Event "HCL-E1571"]
[Site "www.playchess.de"]
[Date "2006.02.21"]
[Round "7"]
[White "alldrix"]
[Black "mrchess"]
[WhiteElo "1645"]
[BlackElo "1502"]
[PlyCount "33"]
[Result "1-0"]

1.e4 {hello!}  c5 {hello good luck}  2.b4 b6 3.Nf3 
Bb7 4.e5 Nc6 5.Bc4 cxb4 6.d4 e6 7.O-O Qc7 8.Bb3 
Nge7 9.a3 bxa3 10.Bxa3 g6 11.Bd6 Qd8 12.c3 Nf5 
13.Bxf8 Rxf8 14.Nbd2 b5 15.Ne4 a6 16.g4 Nfe7 
17.Nd6+ 1-0

[Event "HCL-A2540"]
[Site "www.playchess.de"]
[Date "2006.02.21"]
[Round "19"]
[White "mrchess"]
[Black "jjn2"]
[WhiteElo "1433"]
[BlackElo "1772"]
[PlyCount "66"]
[Result "0-1"]

1.d4 {good luck}  Nf6 {good luck to you}  2.Bg5 c6 
3.Nf3 Qb6 4.Qc1 h6 5.Bh4 g5 6.Bg3 g4 7.Nfd2 Qxd4 
8.c3 Qd5 9.e3 d6 10.c4 Qg5 11.Bd3 h5 12.Bf4 Qg7 
13.Nc3 e5 14.O-O h4 15.Re1 exf4 16.exf4+ Kd8 
17.Re2 Na6 18.Na4 g3 19.fxg3 hxg3 20.hxg3 Qxg3 
21.Nf3 Bg4 22.Qe3 Kc7 23.Ng5 Qh2+ 24.Kf2 Bxe2 
25.Bxe2 Re8 26.Qxa7 Qxf4+ 27.Nf3 Ne4+ 28.Ke1 Rh1+ 
29.Ng1 Qd2+ 30.Kf1 Ng3+ 31.Kf2 Qf4+ 32.Bf3 Re2+ 
33.Nxe2 Ne4+ 0-1

[Event "HCL-C4148"]
[Site "www.playchess.de"]
[Date "2006.02.21"]
[Round "22"]
[White "newplayer"]
[Black "aussie"]
[WhiteElo "1084"]
[BlackElo "1095"]
[PlyCount "42"]
[Result "0-1"]

1.e4 e5 2.d4 exd4 3.Qxd4 Nc6 4.Qc3 Bb4 5.Bd2 Bxc3 
6.Bxc3 Qg5 7.h4 Qe7 8.h5 f6 9.Bd3 d5 10.f3 d4 
11.Bd2 Bd7 12.Na3 Nb4 13.Nc4 Nxd3+ 14.cxd3 b6 
15.a3 Qe6 16.Nh3 Qc6 17.Nf4 O-O-O 18.Nd5 Be6 
19.Bb4 a5 20.Be7 Rd7 21.b4 Bxd5 0-1

[Event "HCL-C4050"]
[Site "www.playchess.de"]
[Date "2006.02.21"]
[Round "5"]
[White "dreptenainte"]
[Black "keneddy"]
[WhiteElo "800"]
[BlackElo "1073"]
[PlyCount "47"]
[Result "1-0"]

1.d4 d5 2.c4 e6 3.Nc3 Nf6 4.Bg5 Be7 5.e3 h6 6.Bh4 
O-O 7.Nf3 Nc6 8.Rc1 Bb4 9.a3 Bxc3+ 10.Rxc3 Re8 
11.Ne5 Nxe5 12.dxe5 g5 13.exf6 Qxf6 14.Bg3 c6 
15.h4 dxc4 16.hxg5 hxg5 17.Qh5 Qg7 18.Rxc4 f5 
19.Qxe8+ Qf8 20.Rh8+ Kxh8 21.Qxf8+ Kh7 22.Be5 Kg6 
23.Qg7+ Kh5 24.Qh7+ 1-0

[Event "HCL-E1549"]
[Site "www.playchess.de"]
[Date "2006.02.21"]
[Round "7"]
[White "Tarrega"]
[Black "tuGGy"]
[WhiteElo "1665"]
[BlackElo "1521"]
[PlyCount "64"]
[Result "0-1"]

1.e4 {hi and gl
hi and gl}  d5 2.exd5 Nf6 3.d4 Nxd5 4.c4 Nb6 5.Nf3 
Bg4 6.Be2 Nc6 7.O-O e6 8.Nc3 Bb4 9.a3 Bxc3 10.bxc3 
O-O 11.h3 Bh5 12.Be3 Na5 13.c5 Nd5 14.Bd2 Bxf3 
15.Bxf3 Nc4 16.Be1 b5 17.cxb6 axb6 18.Qb3 Na5 
19.Qa2 Rb8 20.c4 Ne7 21.Bc3 c5 22.dxc5 bxc5 
23.Rfd1 Qc7 24.Rab1 Nac6 25.Qa1 Nf5 26.Rxb8 Rxb8 
27.Bxc6 Qxc6 28.g4 Nh4 29.Kf1 Qh1+ 30.Ke2 Qxh3 
31.Qb1 Qxg4+ 32.Kf1 Rxb1 0-1